MAITE TUDÃO T-25M CEPA SALVA - Statistics

Estatísticas Gerais
  • Esse quiz foi jogado 181 vezes
    129 desde o último reset
  • A pontuação média é 75 de 224
Estatísticas das Respostas
% Correto
A Asa baixa
70%
B Biplace lado a lado
67%
Enverg. 11m
63%
Altura 3m
63%
Comprimento 8,6m
63%
C Cadeira traseira opcional
59%
D Duplo comando
59%
E Empenagem convencional
56%
Peso máximo Acrobático 1500kg
52%
Peso máximo utilitário 1700kg
52%
Estaqueamento 3,6m
52%
Cilindro + quente
52%
Limite voo de dorso 5 segundos
52%
Deflexão máxima 60º
52%
Comando elétrico
52%
Acionamento hidráulico
52%
M Metálico
52%
M Monomotor
52%
Tipo split
52%
T Trem triciclo retrátil
52%
Peso básico ±1170kg
48%
Tacômetro 2700RPM
48%
Tomada do EGT é feita após a junção dos __ escapamentos da _______ 3 direita
48%
Comando elétrico
48%
Combustível Gasolina de aviação 100/130 octanas
48%
Acionamento e destravamento hidráulico
48%
Tempo de voo na AFA <1h45
48%
Travamento mecânico
48%
T Treinamento Básico
48%
Passo mínimo 12,5º
44%
Passo mínimo 15º
44%
Óleo do sistema de lubrificação (Tampa amarela) 15w50
44%
Óleo + combustível Acrobático 160kgf
44%
Alimentação 18L
44%
Velocímetro 240
44%
Voltagem e autonomia da bateria 24V 5h
44%
Óleo + combustível Utilitário 250kgf
44%
Transmite por ___h 50
44%
Quantidade de válvulas unidirecionais 6
44%
Só Principal 88L
44%
Atenção amarelo
44%
Contrapesos leva para máximo
44%
Queda da pressão do óleo leva o passo para _____ por ação dos(da)_____ máximo contrapesos
44%
Recolhimento mecânico
44%
Pressão do óleo leva o passo para mínimo
44%
Seguro verde
44%
Alerta Vermelho
44%
Óleo do sistema de lubrificação (Tampa vermelha) 100
41%
Velocidade de abertura da capota em proc. normal 100kt
41%
Capacidade do Cárter (___ quartos de galão e ___L) 12 11,35
41%
Restritor (±__s) (Padronização) 12 a 15 segundos
41%
VNE utilitário 220kt
41%
Distância trem-bequilha 2,33m
41%
Velocidade de abertura da capota em proc. de emg 240kt
41%
VNE acrobático 240kt
41%
Voltagem da barra principal 24V
41%
Bitola (Dist. entre os trem principais) 2,65m
41%
Autonomia navegação 2h
41%
Potência Máxima e Rotação de dep 300HP e 2700RPM
41%
Passo máximo 32,4º
41%
Governador aumenta a pressão em __ vezes a pressão do óleo 4
41%
Respiros e suspiros 4
41%
Temperatura tubo de pitot
41%
Buzina soa com ___ a ___kt ____ da velocidade de estol 6 11 acima
41%
Filtros __ (__ malha grossa, ___ malha fina, ___ malha finíssima) 6 4 1 1
41%
Drenos 7
41%
Acionamento brusco das manetes com motor quente causa afogamento
41%
ADC (TEM AVC) A Altitude
41%
AHRS (A PCD) A Atitude
41%
Céu e Água azul
41%
Escalas, valores e informações atuais branco
41%
Parâmetros e BUG ciano
41%
GPS, informação VNAV magenta
41%
Solo marrom
41%
Ruptura do cabo do governador leva o passo para ______ por ação dos(da)_____ mínimo mola
41%
ADC (TEM AVC) T Temperatura
41%
ADC (TEM AVC) V Velocidade
41%
Temperatura do óleo 140 a 245
37%
Pressão nominal do sistema hidráulico 1500psi
37%
Velocímetro 185 a 240
37%
Limitação da bequilha ___º 20
37%
Temperatura do óleo 245
37%
Pressão do óleo 25 a 60 e 90 a 100psi
37%
Pressão do óleo 25 e 100psi
37%
Capacidade do reservatório em L(total, emg e normal) 3 2 1
37%
Após estol, com manche atrás, a velocidade aumenta ___ 3/4kt
37%
Perda de altura por volta no parafuso 500ft
37%
Temperatura do óleo 50 a 140
37%
Velocímetro 50 a 185
37%
Desaceleração de __G no eixo _______ 5 longitudinal
37%
Tacômetro 600 a 2700RPM
37%
Pressão do óleo 60 a 90psi
37%
Voltagem e validade 9V 24meses
37%
Informações ausentes expiradas ou em pane cinza
37%
ADC (TEM AVC) C Climb
37%
Hélice Maior(Marca e tipo) Hartzell HCC2YK4FFC8475A2
37%
Motor (Marca e tipo) LYCOMING IO 540 K1 D5
37%
Óleo hidráulico MIL-H-5606 ou Aeroshell 4
37%
G(Hoje CTG) Não propicia formação de gelo
37%
Abastecido com Nitrogênio
37%
Maior incidência de ____ nas velas sujeira
37%
Tempo máximo de operação de farol de pouso no solo 10s
33%
Decréscimo de velocidade no estol 1kt/s
33%
ADC1 / AHRS1 Alimenta 1P
33%
Regulador de voltagem (___±___) 27,4 0,1
33%
Total (total/utilizável/não utilizável) 342, 310 e 32
33%
Tensão média de __V e picos de __V 35 70
33%
TCC 475
33%
Consumo navegação 60L/H
33%
Auxiliar (total/utilizável/não utilizável) 65, 60 e 5
33%
Velocidade de recuperação sem motor 80/90kt
33%
Consumo com mistura rica 90L/H
33%
Hélice menor (Qual final?) A8
33%
1P é alimentado pela barra de emergência
33%
2P é alimentado pela barra principal
33%
AHRS (A PCD) C Curva
33%
AHRS (A PCD) D Derrapagem
33%
D(SÓ FDP) Detonação
33%
com motor frio falha intermitente
33%
H(Hoje CTG) Mistura ar combustível mais homogênea
33%
O(SÓ FDP) Operação áspera do motor
33%
AHRS (A PCD) P Proa
33%
T(Hoje CTG) Temperatura da cabeça do cilindro relativamente mais baixa
33%
Fluxo da Bomba hidráulica 0,91GPM
30%
TCC 100 a 150 e 435 a 475
30%
Principal (total/utilizável/não utilizável) 106, 95 e 11
30%
Manômetro de pressão de admissão 10 a 29,6
30%
Velocidade de penetração em ar turbulento 130/150kt
30%
Não alcança VNE em mergulho com _____kgf/ passo_____/ motor____________ 1500 mínimo totalmente reduzido
30%
TCC 150 a 435
30%
Capacidade da bomba manual por ciclo ___cm³ e baixa ±___º de flape 16 10
30%
Válvula de expansão térmica 1800 a 1850
30%
Passeio do CG 22,8 a 27,8
30%
Manômetro de pressão de admissão 29,6
30%
Curva padrão (___º em __min) 360 2
30%
Autonomia (todos tanques cheios) 5h10
30%
Que é caracterizada por TCC e EGT _____ Altas
30%
C(Hoje CTG) Consumo específico menor
30%
alimentado pela barra _______ de emergência
30%
Alimentado pela barra __________ de emergência
30%
F(SÓ FDP) Falha repentina de motor
30%
Sinais de mistura muito rica Operação áspera
30%
S(SÓ FDP) Superaquecimento
30%
Altitude de Ar mais turbulento 10000 a 20000ft
26%
Válvulas elétricas 18 a 30V
26%
Tamanho (metros e polegadas) 2,083m e 82pol
26%
Pressão da roda da bequilha 29psi
26%
Pressão das rodas do trem principal 34psi
26%
Duração da bateria interna 3h
26%
Perda no estol 400ft
26%
Carga G utilitário 4 2,2 2
26%
Angulação no parafuso 45a 60º
26%
Alternador (Amperagem e voltagem) 50A e 28V
26%
Carga G acrobático 5 -3 2
26%
Ao desenergizar abre janela de ___s para desligamento automático 60
26%
Altitude de Ar menos turbulento 6000 a 8000ft
26%
Até quantos perfis 7
26%
Defasagem menor que ___ft no ajuste de altímetro 75
26%
Acumulador de pressão (pressão e capacidade) 765psi e 250cm³
26%
Capacidade do cartão SD 8 a 32Gb
26%
Única página disponível em caso de falha elétrica ADI
26%
Função do regulador de pressão Aliviar pressão da bomba hidráulica
26%
Que é caracterizada por TCC e EGT _____ Baixas
26%
Função do acumulador de pressão Compensar pequenos vazamentos
26%
ADC2 / AHRS2 Alimenta MFI
26%
Girar Knob superior esquerdo volume
26%
Deflexão máxima do CDI (VOR/ILS) ±10º
22%
Memória interna do PFD 100h
22%
Faixa de frequências 121,5 243,0
22%
IDENT funciona por __s 18
22%
Tamanho (metros e polegadas) 1,93m e 76pol
22%
Campo AGL é até ____ ft de altura 2500
22%
Bug HDG linha pontilhada aparece por ___ segundos 5
22%
Removida se TAS for inválida, TAS <___kt ou aeronave no solo 60
22%
Quando a velocidade é __kt, desce___ft/min e o planeio é ___ (menor velocidade) 65 1000 6,58
22%
Tempo da tendência Trend Vector 6s
22%
Desvio máximo de derrapagem
22%
Quando a velocidade é __kt, desce___ft/min e o planeio é ___ (do meio) 75 950 8
22%
Regulador de pressão (___±___ a ___±___) 950 10 1550 20
22%
Razão de planeio com 80kt 9,53
22%
Sensores em discrepância -> alerta de _____ (aquela em inglês) Miscompare
22%
P(SÓ FDP) Perda apreciável de potência
22%
Indicadores de curva (menores) 10, 20 e 45º
19%
Afundamento no estol senoidal 1500ft/min
19%
Declutter (Acima de __º picados, __º cabrados ou ___ de inclinação) 20 30 65
19%
Setas vermelhas: ___º picados e ___º cabrados 20 40
19%
Página NEAREST (___ pontos mais próximos dentro de ___NM) 25 200
19%
NORMAL: ±_____ft 2700
19%
ABOVE: -_____/+_____ft 2700 9900
19%
Tempo para Stuck microphone em segundos 30
19%
Declutter: __º cabrados, ___º picados ou ___º de inclinação 30 20 65
19%
Setas Vermelhas: ___º a ___º picados 30 80
19%
Indicadores de curva (maiores) 30 e 60º
19%
Setas Vermelhas: ___º a ___º cabrados 50 80
19%
Velocidades de estol acrobático (Cruzeiro, dep e pouso (com e sem motor cada)) 536252634955
19%
Velocidades de estol utilitário (Cruzeiro, dep e pouso (com e sem motor cada)) 576657695260
19%
Planeio máximo (Velocidade___kt, percorre___NM, perde__ft) 80 1,8 1000
19%
UNRESTRICTED: ±_____ft 9900
19%
BELOW: -_____/+_____ft 9900 2700
19%
Clicar Knob inferior direito _____ FREQ ou PÁGINAS alterna
19%
Bug de altitude: pisca ____ ao variar ou passar ____ft amarelo 200
19%
cor MARKER BEACON middle (1300/1000m) Âmbar
19%
cor MARKER BEACON outer (400/9000m) Azul
19%
cor MARKER BEACON inner (3000/300m) Branco
19%
Bug de altitude: pisca ____ a ____ft (menor) ciano 200
19%
Pressionar HOME vai para _______ Default Navigation
19%
Manter pressionado Knob inferior direito (aquele nomezinho) flip flop
19%
Clica na frequência ativa flip flop
19%
Manter pressionado Clicar Knob superior esquerdo Frequência de emergência
19%
Página TERRAIN tá sempre alinhada com HDG
19%
função MON faz o que? monitora frequência STBY
19%
Bug de altitude: pisca ____ a ____ft (maior) preto 1000
19%
Prioridade entre avisos simultâneos (1)______ e (2)______ terreno tráfego
19%
Losango Magenta que mostra o deslocamento da aeronave Tracking
19%
Indicador de atitudes (maiores) e variação 10 90 a -90
15%
Indicador de atitudes (precisão) e variação 2,5 20 a -20
15%
Indicador de atitudes (menores) e variação 5 45 a -25
15%
Clicar Knob superior esquerdo (NAV) auditivo
15%
Circuito quente Booster, compensador do profundor e relé de partida
15%
Facilidade de ________ e ____ do bico injetor entupimento e ruptura
15%
Pressionar o Direct-to vai para Smart Glide
15%
Clicar Knob superior esquerdo (COM) squelch
15%
XFER faz o que? alterna entre as frequências
11%
Espaçamento de frequências ___kHZ ou ___kHZ 25,0 8,33
4%
Nenhum quiz correspondente encontrado
Distribuição das Pontuações
Porcentagem de Pessoas com Cada Pontuação
Percentil de Números Respondidos
Sua Pontuação Histórica
Você não jogou esse quiz desde o último reset